| 000 | 00676nam a22002177a 4500 | ||
|---|---|---|---|
| 003 | OSt | ||
| 005 | 20260416174312.0 | ||
| 008 | 260416b |||||||| |||| 00| 0 eng d | ||
| 020 | _a9783111332420 | ||
| 040 | _cDDC | ||
| 082 | _a546.22 GRU 2024 | ||
| 100 |
_aGruyter, DE _919580 |
||
| 245 | _aMohamed Elzagheid Water Chemistry, Analysis and Treatment: pollutants, microbial contaminants, water and wastewater treatment | ||
| 260 | _aBerlin; FSC, 2024 | ||
| 300 | _axvii,131p.; Col.ill: 24cm | ||
| 504 | _aReferences, & index included | ||
| 650 |
_aWater chemistry _912924 |
||
| 650 |
_aWater treatment _919581 |
||
| 650 |
_aWater pollutants _919582 |
||
| 942 |
_2z _cO_SHELF |
||
| 999 |
_c9631 _d9631 |
||